• 首页
  • 本馆介绍
  • 公告通知
  • 最新文献
  • 馆藏检索
  • 电子资源
  • 读者导购
  • 参考咨询
  • 我的图书馆
  • 登录
  • 详细信息显示
  • 放入我的书架
  • 预约/预借图书
  • 作者相关作品
  • 分类相关作品
  • 丛书相关作品
  • 出版社相关作品

书目信息

  • 表格格式
  • 工作单格式
  • 卡片格式
题名:
政坛回忆
    
 
作者: 程思远 著
分册:  
出版信息: 南宁   广西人民出版社  1983
页数: 227页
开本: 21cm
丛书名:
单 册:
中图分类: K262.906.6 , I251
科图分类:
主题词: 报告文学--中国 , 传记文学--中国
电子资源:
ISBN:
000 00795nam0 2200301 450
001 1575663403
005 20150123203116.59
010    @dCNY0.90
091    @a11113.40
100    @a19950405d1983 em y0chiy0110 ea
101 0  @achi
102    @aCN@b450000
105    @ay z 000yy
200 1  @a政坛回忆@9zheng tan hui yi@f程思远著
210    @a南宁@c广西人民出版社@d1983
215    @a227页@d21cm
300    @a内部发行
600  0 @a程思远@f(1908~)@x回忆录
600  0 @2CT@3S905258@a程思远@f(1908~)
601 0  @a国民政府@y南京@x史料
601 0  @2CT@3S029258@a国民政府
606 0  @a报告文学@x中国
606 0  @a传记文学@x中国
690    @aK262.906.6@v5
690    @aI251@v4
701  0 @a程思远@9cheng si yuan@4著
801  0 @aCN@bTSSF@c20150123
905    @aZUCC@dI251@eJY39
    
    政坛回忆/程思远著.-南宁:广西人民出版社,1983
    227页;21cm
    内部发行
    
    ISBN :CNY0.90
    
●
相关链接 在E读中查询图书 在五车中查询图书 在当当中查询图书 在豆瓣中查询图书


正题名:政坛回忆     索取号:I251/JY39         预约/预借

序号 登录号 条形码 馆藏地/架位号 状态 备注
1 7855670   278556705   学院路分馆/ [索取号:I251/JY39] 在馆    
唐山师范学院图书馆 欢迎您!
大连网信软件有限公司© 版权所有